Music Quiz

Random Music or Song Quiz

Opening Lyrics VII Quiz Stats

 Plays Quiz Updated Jan 25, 2019

     
Support Sporcle.
Go Orange.
Score 0/17 Timer 06:00
1 Play Today
Lyric Song % Correct
When I find myself in times of trouble, Mother Mary comes to me...Let it Be
77.2%
I've got sunshine on a cloudy day...My Girl
69.5%
It's nine o'clock on a Saturday; the regular crowd shuffles in. There's an old man sitting next to me, making love to his tonic and gin...Piano Man
65.2%
There's a fire starting in my heart; reaching a fever pitch, it's bringing me out the dark...Rolling in the Deep
63.1%
Love is a burning thing, and it makes a fiery ring...Ring of Fire
63%
We can dance if we want to, we can leave your friends behind; 'cause your friends don't dance and if they don't dance well, they're no friends of mine...Safety Dance
59.5%
Today I don't feel like doing anything; I just wanna lay in my bed...The Lazy Song
56.1%
Look, if you had one shot, or one opportunity to seize everything you ever wanted in one moment, would you capture it or just let it slip?Lose Yourself
51.8%
I used to rule the world, seas would rise when I gave the word; now in the morning I sleep alone, sweep the streets that I used to own...Viva la Vida
42.2%
Lyric Song % Correct
You know that it would be untrue, you know that I would be a liar...Light My Fire
41%
You're on the phone with your girlfriend, she's upset; she's going off about something that you said...You Belong With Me
36.3%
Hey, hey, mama, said the way you move; gonna make you sweat, gonna make you groove...Black Dog
31%
If I should stay, I would only be in your way. So I'll go, but I know I'll think of you every step of the way...I Will Always Love You
29.5%
A man walks down the street, he says why am I soft in the middle now? Why am I soft in the middle? The rest of my life is so hard...You Can Call Me Al
27.4%
In the day we sweat it out on the streets of a runaway American dream...Born to Run
27%
They told him don't you ever come around here; don't wanna see your face, you better disappear...Beat It
26.5%
Has he lost his mind? Can he see or is he blind? Can he walk at all, or if he moves will he fall?Iron Man
18%

From the Vault

Gaming 7-to-1

by samc67

Gaming 2.5m
The real challenge is doing this quiz with a GameCube controller.
Remove Ads.
Support Sporcle.
Get the best of Sporcle when you Go Orange. This ad-free experience offers more features, more stats, and more fun while also helping to support Sporcle. Thank you for becoming a member.

Show Comments

Extras

Top Quizzes Today


Score Distribution

Your Account Isn't Verified!

In order to create a playlist on Sporcle, you need to verify the email address you used during registration. Go to your Sporcle Settings to finish the process.

Report this User

Report this user for behavior that violates our Community Guidelines.

Details: